| 000 | 01355cam a2200325 a 4500 | ||
|---|---|---|---|
| 999 |
_c126790 _d126790 |
||
| 001 | 4923402 | ||
| 003 | ARRUPE | ||
| 005 | 20170825095417.0 | ||
| 008 | 950105s1995 pauab b 001 0 eng | ||
| 010 | _a 95003032 | ||
| 020 | _a081223295X (cloth : acidfree paper) | ||
| 020 | _a0812215206 (pbk. : acidfree paper) | ||
| 040 |
_aDLC _cDLC _dDLC |
||
| 043 | _ae-ie--- | ||
| 050 | 0 | 0 |
_aBX1506.2 _b.T39 1995 |
| 082 | 0 | 0 |
_a305.6/2041693 _220 |
| 100 | 1 |
_aTaylor, Lawrence J. _935274 |
|
| 245 | 1 | 0 |
_aOccasions of faith : _ban anthropology of Irish Catholics / _cLawrence J. Taylor. |
| 260 |
_aPhiladelphia : _bUniversity of Pennsylvania Press, _cc1995. |
||
| 300 |
_axv, 282 p. : _c24 cm. |
||
| 440 | 0 |
_aSeries in contemporary ethnography _9280 |
|
| 504 | _aIncludes bibliographical references (p. [265]-277) and index. | ||
| 610 | 2 | 0 |
_aCatholic Church _zIreland _zDonegal (County) _xHistory _y20th century. _935275 |
| 610 | 2 | 0 |
_aCatholic Church _zIreland _xHistory _y20th century. _9381 |
| 651 | 0 |
_aDonegal (Ireland : County) _xReligious life and customs. _935276 |
|
| 651 | 0 |
_aIreland _xReligious life and customs. _935277 |
|
| 906 |
_a7 _bcbc _corignew _d1 _eocip _f19 _gy-gencatlg |
||
| 942 |
_2lcc _cMONOGRAPH |
||